[Event "Munich Laimer op 2nd"]
[Site "Munich"]
[Date "2023.05.27"]
[Round "2"]
[White "Koellner, Ruben Gideon"]
[Black "Mueller, Richard"]
[Result "1-0"]
[WhiteElo "2426"]
[BlackElo "2189"]
[PlyCount "135"]
[EventDate "2023.05.26"]
[EventType "swiss"]
[EventRounds "9"]
[EventCountry "GER"]
[SourceTitle "CBM 214 Extra"]
[Source "ChessBase"]
[SourceDate "2023.07.31"]
[SourceVersion "1"]
[SourceVersionDate "2023.07.31"]
[SourceQuality "1"]

1. d4 Nf6 2. Nf3 d5 3. e3 g6 4. Nbd2 Bg7 5. b4 a5 6. b5 0-0 7. c4 c6 8. a4 cxb5 9. axb5 dxc4 10. Bxc4 b6 11. Ba3 Bb7 12. 0-0 Re8 13. Ne5 e6 14. Be2 Nd5 15. Rc1 Bf8 16. Bxf8 Rxf8 17. Bf3 Ra7 18. Ndc4 Nb4 19. Bxb7 Rxb7 20. Qf3 Rc7 21. Nd2 f6 22. Nec4 Nd7 23. Qg3 e5 24. Rcd1 Qe7 25. dxe5 Nxe5 26. Nxb6 Qc5 27. Ne4 Qxb6 28. Rd6 Qxb5 29. Nxf6+ Rxf6 30. Rxf6 Rf7 31. Re6 Ned3 32. Qd6 Qd5 33. Re8+ Kg7 34. Qb8 Nxf2 35. Rg8+ Kh6 36. Rf8 Nbd3 37. Rxf7 Qxf7 38. Qd8 Qf5 39. Qh4+ Qh5 40. Qxh5+ Kxh5 41. Ra1 Ng4 42. Rxa5+ Kh6 43. h3 Nge5 44. Kf1 Kg5 45. Ke2 h5 46. Rd5 Nf4+ 47. exf4+ Kxf4 48. g3+ Ke4 49. Ra5 Nf7 50. Ra4+ Kf5 51. Ke3 Kf6 52. Ra6+ Kf5 53. Ra5+ Kf6 54. Kf4 Kg7 55. Ra7 Kf6 56. Ra6+ Kg7 57. Rb6 Kh7 58. Rb7 Kg7 59. Ke4 Kf6 60. Rb6+ Kg5 61. h4+ Kh6 62. Kd5 Kg7 63. Ke6 Nd8+ 64. Ke7 Nf7 65. Rb7 Nh6 66. Ke6+ Kg8 67. Kf6 Nf5 68. Kxg6 1-0

[Event "Lienz op 21st"]
[Site "Lienz"]
[Date "2023.02.14"]
[Round "5"]
[White "Mueller, Richard"]
[Black "Lerch, Johannes"]
[Result "1-0"]
[WhiteElo "2159"]
[BlackElo "2278"]
[PlyCount "97"]
[EventDate "2023.02.11"]
[EventType "swiss"]
[EventRounds "9"]
[EventCountry "AUT"]
[SourceTitle "CBM 212 Extra"]
[Source "ChessBase"]
[SourceDate "2023.03.31"]
[SourceVersion "1"]
[SourceVersionDate "2023.03.31"]
[SourceQuality "1"]

1. d4 Nf6 2. c4 e6 3. Nc3 Bb4 4. e3 c5 5. Nge2 b6 6. a3 Ba5 7. Rb1 Na6 8. Bd2 0-0 9. d5 exd5 10. cxd5 Bb7 11. Nf4 Bxc3 12. Bxc3 Nc7 13. Bc4 d6 14. b4 Ba6 15. Bxa6 Nxa6 16. Qd3 Nc7 17. 0-0 Nd7 18. Nh5 f6 19. f4 g6 20. Ng3 Qe7 21. e4 Rae8 22. Rbe1 Qf7 23. Rd1 Qe7 24. Rfe1 Qf7 25. Bb2 Re7 26. h4 Rfe8 27. h5 Qg7 28. Qf3 a5 29. bxa5 b5 30. Qg4 f5 31. Bxg7 fxg4 32. h6 Rf7 33. Rf1 Nf6 34. Bxf6 Rxf6 35. e5 Rff8 36. Ne4 dxe5 37. d6 Ne6 38. fxe5 Rd8 39. Rxf8+ Rxf8 40. Nf6+ Kf7 41. Rf1 Ra8 42. Nxh7+ Kg8 43. Nf6+ Kh8 44. d7 c4 45. Rd1 Nd8 46. Rd5 Ne6 47. Rd6 Nd8 48. e6 c3 49. e7 1-0

[Event "Lienz op 21st"]
[Site "Lienz"]
[Date "2023.02.12"]
[Round "3"]
[White "Mueller, Richard"]
[Black "Koban, Markus"]
[Result "1-0"]
[WhiteElo "2159"]
[BlackElo "1902"]
[PlyCount "49"]
[EventDate "2023.02.11"]
[EventType "swiss"]
[EventRounds "9"]
[EventCountry "AUT"]
[SourceTitle "CBM 212 Extra"]
[Source "ChessBase"]
[SourceDate "2023.03.31"]
[SourceVersion "1"]
[SourceVersionDate "2023.03.31"]
[SourceQuality "1"]

1. d4 Nf6 2. c4 g6 3. Nc3 d5 4. Nf3 Bg7 5. Bf4 0-0 6. Rc1 dxc4 7. e4 a6 8. Bxc4 b5 9. Bb3 Bb7 10. e5 Nd5 11. Nxd5 Bxd5 12. e6 c6 13. Ng5 fxe6 14. Nxe6 Bxe6 15. Bxe6+ Kh8 16. Be3 Qa5+ 17. Kf1 Qb4 18. h4 Qd6 19. Qg4 Rf6 20. d5 a5 21. h5 Qb4 22. Qxb4 axb4 23. h6 Bf8 24. Bd4 cxd5 25. Rc8 1-0

[Event "Kiel op 30th"]
[Site "Kiel"]
[Date "2017.08.04"]
[Round "9.44"]
[White "Mueller, Richard"]
[Black "Rempe, Jonas"]
[Result "1/2-1/2"]
[WhiteElo "1484"]
[BlackElo "1749"]
[PlyCount "106"]
[EventDate "2017.07.29"]
[EventType "swiss"]
[EventRounds "9"]
[EventCountry "GER"]
[SourceTitle "EXT 2018"]
[Source "ChessBase"]
[SourceDate "2017.10.13"]
[SourceVersion "1"]
[SourceVersionDate "2017.10.13"]
[SourceQuality "1"]

1. Nf3 Nf6 2. g3 g6 3. Bg2 Bg7 4. 0-0 0-0 5. d4 d6 6. Nc3 Nbd7 7. e3 Rb8 8. b3 b6 9. Bb2 Bb7 10. Qd2 c5 11. Ne2 e5 12. c4 Ne4 13. Qd3 f5 14. d5 Nef6 15. Nd2 Nh5 16. f4 e4 17. Qc2 Nhf6 18. h3 Ba6 19. Rfd1 h6 20. Kh2 Kf7 21. a4 Bb7 22. Rg1 a5 23. Nc3 Ba6 24. Ndb1 Rh8 25. Na3 g5 26. Nab5 Nf8 27. Raf1 g4 28. h4 Ng6 29. Rh1 Nh5 30. Qf2 Nf6 31. Qc2 Nh5 32. Qf2 Nxh4 33. Kg1 Nxg3 34. Qxg3 Ng6 35. Kf2 h5 36. Ke2 h4 37. Qf2 h3 38. Bxh3 gxh3 39. Kd1 Nh4 40. Rxh3 Nf3 41. Rxh8 Bxh8 42. Rh1 Bg7 43. Rh5 Qd7 44. Rh7 Rh8 45. Rxh8 Bxh8 46. Nxe4 Bxb5 47. Nxd6+ Qxd6 48. Bxh8 Qh6 49. axb5 Qxh8 50. Qxf3 Qa1+ 51. Kc2 Qa2+ 52. Kc3 Qa1+ 53. Kc2 Qa2+ 1/2-1/2

[Event "Kiel op 30th"]
[Site "Kiel"]
[Date "2017.08.03"]
[Round "8.42"]
[White "Henschen, Patrick"]
[Black "Mueller, Richard"]
[Result "1-0"]
[WhiteElo "1720"]
[BlackElo "1484"]
[PlyCount "65"]
[EventDate "2017.07.29"]
[EventType "swiss"]
[EventRounds "9"]
[EventCountry "GER"]
[SourceTitle "EXT 2018"]
[Source "ChessBase"]
[SourceDate "2017.10.13"]
[SourceVersion "1"]
[SourceVersionDate "2017.10.13"]
[SourceQuality "1"]

1. d4 d5 2. c4 e6 3. Nf3 Nf6 4. g3 Nc6 5. cxd5 exd5 6. Bg2 g6 7. 0-0 Bg7 8. Nc3 0-0 9. Bf4 Bf5 10. Rc1 Ne4 11. Na4 Rc8 12. Nc5 Nxc5 13. Rxc5 Be4 14. a3 Re8 15. Qd2 Qd7 16. Bh6 Bh8 17. e3 Qg4 18. Qd1 Bf6 19. h4 Nd8 20. Ne5 Qxd1 21. Rxd1 Bxg2 22. Kxg2 Bxe5 23. dxe5 Rxe5 24. Bf4 Re7 25. Bg5 Rd7 26. Rcxd5 Rxd5 27. Rxd5 Ne6 28. Bf6 c6 29. Rd6 Kf8 30. e4 Ke8 31. f4 Nc5 32. Kf3 Rc7 33. Rd8# 1-0

[Event "Kiel op 30th"]
[Site "Kiel"]
[Date "2017.08.02"]
[Round "7"]
[White "Mueller, Richard"]
[Black "Straetker, Sebastian"]
[Result "0-1"]
[WhiteElo "1484"]
[BlackElo "1887"]
[PlyCount "100"]
[EventDate "2017.07.29"]
[EventType "swiss"]
[EventRounds "9"]
[EventCountry "GER"]
[SourceTitle "EXT 2018"]
[Source "ChessBase"]
[SourceDate "2017.10.13"]
[SourceVersion "1"]
[SourceVersionDate "2017.10.13"]
[SourceQuality "1"]

1. Nf3 Nf6 2. g3 g6 3. Bg2 Bg7 4. 0-0 0-0 5. d4 d5 6. Nc3 c6 7. e3 Bf5 8. b3 Nbd7 9. Bb2 Ne4 10. Nh4 Nxc3 11. Bxc3 Be4 12. f3 Bf5 13. Nxf5 gxf5 14. Bh3 e6 15. Kh1 c5 16. Qd2 Qf6 17. Rab1 b5 18. Bb2 c4 19. Rg1 Qh6 20. Bf1 Nf6 21. Qf2 Nd7 22. g4 fxg4 23. Rxg4 f5 24. Rh4 Qf6 25. Be2 Rf7 26. Rg1 Nf8 27. b4 Ng6 28. Rh5 Rc8 29. c3 e5 30. Bc1 Re8 31. dxe5 Qxe5 32. Bd2 Nf4 33. Rh4 Nxe2 34. Qxe2 f4 35. Rhg4 fxe3 36. Be1 Ree7 37. Bh4 Re6 38. Be1 Kf8 39. Qg2 e2 40. Qh3 Rh6 41. Qg2 Qf6 42. f4 Re7 43. Qxd5 Qc6 44. Qxc6 Rxc6 45. Rg5 a6 46. Rf5+ Rf6 47. Rxf6+ Bxf6 48. Kg2 Rg7+ 49. Kh1 Rd7 50. Kg2 Rd3 0-1

[Event "Oberliga Ost-A 1617"]
[Site "Germany"]
[Date "2017.05.07"]
[Round "11.1"]
[White "Mueller, Richard"]
[Black "Cerveny, Martin"]
[Result "0-1"]
[WhiteElo "2170"]
[BlackElo "2384"]
[PlyCount "48"]
[EventDate "2016.10.16"]
[EventType "team-tourn"]
[EventRounds "11"]
[EventCountry "GER"]
[SourceTitle "EXT 2018"]
[Source "ChessBase"]
[SourceDate "2017.10.13"]
[SourceVersion "1"]
[SourceVersionDate "2017.10.13"]
[SourceQuality "1"]
[WhiteTeam "Coswig TuS"]
[BlackTeam "Aue Nickelhuette II"]
[WhiteTeamCountry "GER"]
[BlackTeamCountry "GER"]

1. d4 d6 2. e4 Nf6 3. f3 g6 4. c4 Bg7 5. Be3 0-0 6. Nc3 e5 7. d5 Nh5 8. Qd2 Qh4+ 9. g3 Nxg3 10. Qf2 Nxf1 11. Qxh4 Nxe3 12. Qf2 Nxc4 13. 0-0-0 Na6 14. Kb1 f5 15. Qe2 Nb6 16. h4 fxe4 17. fxe4 h5 18. Nf3 Bg4 19. Rdf1 Rf4 20. Qg2 Nc4 21. Nd1 Rxf3 22. b3 Ne3 23. Nxe3 Rxe3 24. Re1 Bf3 0-1

[Event "Oberliga Ost-A 1617"]
[Site "Germany"]
[Date "2017.04.23"]
[Round "9.1"]
[White "Mueller, Richard"]
[Black "Weitzer, Steffen"]
[Result "0-1"]
[WhiteElo "2170"]
[BlackElo "2224"]
[PlyCount "114"]
[EventDate "2016.10.16"]
[EventType "team-tourn"]
[EventRounds "11"]
[EventCountry "GER"]
[SourceTitle "EXT 2018"]
[Source "ChessBase"]
[SourceDate "2017.10.13"]
[SourceVersion "1"]
[SourceVersionDate "2017.10.13"]
[SourceQuality "1"]
[WhiteTeam "Coswig TuS"]
[BlackTeam "Leipzig SG II"]
[WhiteTeamCountry "GER"]
[BlackTeamCountry "GER"]

1. d4 Nf6 2. c4 g6 3. Nc3 Bg7 4. e4 d6 5. f3 0-0 6. Be3 Nc6 7. Nge2 a6 8. Qd2 Re8 9. Rb1 e5 10. d5 Nb8 11. b4 a5 12. a3 axb4 13. axb4 c6 14. Nc1 cxd5 15. cxd5 Nh5 16. Bd3 Nf4 17. 0-0 Nd7 18. Nb5 Nb6 19. Qc2 Re7 20. Rb3 Nbxd5 21. exd5 Nxd5 22. Bg5 f6 23. Bc4 Be6 24. Qd3 Qb6+ 25. Kh1 Qc6 26. Bd2 Rc8 27. Bxd5 Qxd5 28. Rc3 Rxc3 29. Qxd5 Bxd5 30. Nxc3 Bc4 31. Rd1 d5 32. Be1 d4 33. Ne4 f5 34. Bh4 Re6 35. Nc5 Rb6 36. Be1 Rb5 37. N5d3 e4 38. fxe4 fxe4 39. Nc5 e3 40. N5d3 Rf5 41. Kg1 Rf8 42. Bg3 Re8 43. Kf1 Ra8 44. Ke1 Ra3 45. Bd6 b5 46. g3 Kf7 47. Bc5 g5 48. Nb2 Ra1 49. Ncd3 Ra2 50. h3 Ke6 51. h4 h6 52. Rc1 Kd5 53. hxg5 hxg5 54. Be7 Ke4 55. Nc5+ Kf3 56. Nbd3 Rd2 57. Rd1 Rh2 0-1

[Event "Lienz op 19th"]
[Site "Lienz"]
[Date "2017.02.12"]
[Round "3"]
[White "Mueller, Richard"]
[Black "Nitin, Senthilvel"]
[Result "1/2-1/2"]
[WhiteElo "2157"]
[BlackElo "2428"]
[PlyCount "70"]
[EventDate "2017.02.11"]
[EventType "swiss"]
[EventRounds "9"]
[EventCountry "AUT"]
[SourceTitle "CBM 176 Extra"]
[Source "ChessBase"]
[SourceDate "2017.03.02"]
[SourceVersion "1"]
[SourceVersionDate "2017.03.02"]
[SourceQuality "1"]

1. d4 Nf6 2. c4 g6 3. Nc3 Bg7 4. e4 d6 5. f3 0-0 6. Be3 e5 7. d5 c6 8. Bd3 b5 9. dxc6 bxc4 10. Bxc4 Nxc6 11. Nge2 Na5 12. Bd3 Be6 13. Qa4 d5 14. exd5 Nxd5 15. Nxd5 Bxd5 16. Rd1 Nc4 17. Bxc4 Qh4+ 18. Ng3 Qxc4 19. Qxc4 Bxc4 20. b3 Bb5 21. Ne4 f5 22. Nc5 e4 23. f4 Rfd8 24. Kf2 Kf7 25. Nb7 Rxd1 26. Rxd1 Kg8 27. Rc1 g5 28. g3 gxf4 29. gxf4 Be8 30. Nd6 Bg6 31. Nc8 a5 32. Ne7+ Kh8 33. Rc6 Rd8 34. Rc5 a4 35. bxa4 Bf8 1/2-1/2

[Event "Oberliga Ost-A 1617"]
[Site "Germany"]
[Date "2016.12.04"]
[Round "4.1"]
[White "Mueller, Richard"]
[Black "Woellermann, Jan"]
[Result "0-1"]
[WhiteElo "2170"]
[BlackElo "2379"]
[PlyCount "114"]
[EventDate "2016.10.16"]
[EventType "team-tourn"]
[EventRounds "11"]
[EventCountry "GER"]
[SourceTitle "EXT 2018"]
[Source "ChessBase"]
[SourceDate "2017.10.13"]
[SourceVersion "1"]
[SourceVersionDate "2017.10.13"]
[SourceQuality "1"]
[WhiteTeam "Coswig TuS"]
[BlackTeam "Magdeburg Aufbau Elbe"]
[WhiteTeamCountry "GER"]
[BlackTeamCountry "GER"]

1. d4 Nf6 2. c4 e6 3. Nc3 Bb4 4. e3 d5 5. a3 Bxc3+ 6. bxc3 c6 7. Nf3 0-0 8. Bd3 b6 9. 0-0 Ba6 10. cxd5 Bxd3 11. Qxd3 cxd5 12. c4 Nc6 13. Bd2 Ne4 14. Rfc1 Qd7 15. Be1 Rfc8 16. a4 Nd6 17. cxd5 exd5 18. Ne5 Nxe5 19. dxe5 Ne4 20. Rd1 Rd8 21. Qd4 Rac8 22. f3 Nc5 23. Ra2 Qc6 24. Rc1 Qe6 25. Ra3 Nd7 26. Rxc8 Rxc8 27. Rc3 Rc5 28. f4 h6 29. e4 dxe4 30. Qxe4 Rxc3 31. Bxc3 Nc5 32. Qd4 Qb3 33. a5 Ne6 34. Qd2 Nxf4 35. h3 Qxc3 36. Qxf4 Qxa5 37. Qe4 Qc5+ 38. Kh2 a5 39. Qa8+ Kh7 40. Qe4+ g6 41. Qf4 Qd5 42. h4 h5 43. g4 hxg4 44. h5 Qe6 45. hxg6+ Qxg6 46. Kg3 Qe6 47. Qg5 a4 48. Qh5+ Kg7 49. Qg5+ Qg6 50. Qe3 Kh7 51. Qd4 a3 52. Qa4 Qf5 53. Kh4 Kg6 54. Qc6+ Qe6 55. Qc2+ Kg7 56. Qc3 a2 57. Qb2 b5 0-1

[Event "Oberliga Ost-A 1617"]
[Site "Germany"]
[Date "2016.11.19"]
[Round "2.1"]
[White "Reizniece Ozola, Dana"]
[Black "Mueller, Richard"]
[Result "1/2-1/2"]
[WhiteElo "2253"]
[BlackElo "2170"]
[PlyCount "83"]
[EventDate "2016.10.16"]
[EventType "team-tourn"]
[EventRounds "11"]
[EventCountry "GER"]
[SourceTitle "EXT 2018"]
[Source "ChessBase"]
[SourceDate "2017.10.13"]
[SourceVersion "1"]
[SourceVersionDate "2017.10.13"]
[SourceQuality "1"]
[WhiteTeam "Loeberitz"]
[BlackTeam "Coswig TuS"]
[WhiteTeamCountry "GER"]
[BlackTeamCountry "GER"]

1. c4 Nf6 2. Nc3 d5 3. cxd5 Nxd5 4. g3 c6 5. Bg2 g6 6. Nxd5 cxd5 7. Qb3 e6 8. Qc3 d4 9. Qc4 Bg7 10. d3 0-0 11. h4 h5 12. Bf4 Qb6 13. b4 e5 14. Bd2 Na6 15. a4 Be6 16. Qb5 Rab8 17. Rc1 Rfd8 18. f4 Bd7 19. Qxb6 axb6 20. a5 bxa5 21. bxa5 Re8 22. Nf3 Bc6 23. fxe5 Bxe5 24. Nxe5 Bxg2 25. Rh2 Bc6 26. Bf4 Rbd8 27. g4 Rd5 28. Nxc6 bxc6 29. gxh5 Rxh5 30. Bg5 Re5 31. Bf6 Re6 32. Bxd4 Rxa5 33. Rb1 Rd5 34. Ba1 Rb5 35. Rc1 Nc5 36. Rd1 Kf8 37. Bc3 Rb3 38. Kd2 Ne4+ 39. dxe4 Rd6+ 40. Kc2 Rxc3+ 41. Kxc3 Rxd1 42. h5 1/2-1/2

[Event "Oberliga Ost-A 1314"]
[Site "Germany"]
[Date "2014.04.06"]
[Round "11.2"]
[White "Mueller, Richard"]
[Black "Schoeneberg, Manfred"]
[Result "1/2-1/2"]
[WhiteElo "2112"]
[BlackElo "2225"]
[PlyCount "30"]
[EventDate "2013.10.13"]
[EventType "team-tourn"]
[EventRounds "11"]
[EventCountry "GER"]
[SourceTitle "EXT 2015"]
[Source "ChessBase"]
[SourceDate "2014.11.20"]
[SourceVersion "1"]
[SourceVersionDate "2014.11.20"]
[SourceQuality "1"]
[WhiteTeam "Coswig"]
[BlackTeam "Leipzig SG"]
[WhiteTeamCountry "GER"]
[BlackTeamCountry "GER"]

1. d4 Nf6 2. c4 e6 3. Nc3 Bb4 4. e3 0-0 5. Nge2 d5 6. a3 Be7 7. cxd5 exd5 8. Nf4 c6 9. Bd3 Re8 10. 0-0 Nbd7 11. Qc2 Nf8 12. b4 Ng6 13. Nxg6 hxg6 14. b5 Bd7 15. bxc6 Bxc6 1/2-1/2

[Event "Oberliga Ost-A 1314"]
[Site "Germany"]
[Date "2014.01.19"]
[Round "7.3"]
[White "Moehn, Hans"]
[Black "Mueller, Richard"]
[Result "1/2-1/2"]
[WhiteElo "2184"]
[BlackElo "2112"]
[PlyCount "73"]
[EventDate "2013.10.13"]
[EventType "team-tourn"]
[EventRounds "11"]
[EventCountry "GER"]
[SourceTitle "EXT 2015"]
[Source "ChessBase"]
[SourceDate "2014.11.20"]
[SourceVersion "1"]
[SourceVersionDate "2014.11.20"]
[SourceQuality "1"]
[WhiteTeam "Dresden USV II"]
[BlackTeam "Coswig"]
[WhiteTeamCountry "GER"]
[BlackTeamCountry "GER"]

1. e4 c5 2. Nf3 Nc6 3. d4 cxd4 4. Nxd4 e6 5. Nc3 Qc7 6. Be3 a6 7. Be2 Nf6 8. a3 b5 9. Nxc6 dxc6 10. f4 Bb7 11. 0-0 c5 12. e5 Nd5 13. Nxd5 Bxd5 14. a4 c4 15. axb5 Bc5 16. Qd2 axb5 17. Rxa8+ Bxa8 18. b4 Bb6 19. Ra1 0-0 20. Bf1 Be4 21. c3 Ra8 22. Rxa8+ Bxa8 23. Kf2 h6 24. Bxb6 Qxb6+ 25. Qe3 Qb7 26. Qd4 Kh7 27. Ke3 Qc6 28. h4 h5 29. Kf2 Qb7 30. Ke3 Qc6 31. Ke2 Qb7 32. Ke3 Qe7 33. g3 Qb7 34. Kd2 Qf3 35. Qg1 Qd5+ 36. Kc1 Qf3 37. Kd2 1/2-1/2

[Event "Oberliga Ost-A 1314"]
[Site "Germany"]
[Date "2013.11.10"]
[Round "3.3"]
[White "Bednar, Marcel"]
[Black "Mueller, Richard"]
[Result "1-0"]
[WhiteElo "2287"]
[BlackElo "2112"]
[PlyCount "81"]
[EventDate "2013.10.13"]
[EventType "team-tourn"]
[EventRounds "11"]
[EventCountry "GER"]
[SourceTitle "EXT 2015"]
[Source "ChessBase"]
[SourceDate "2014.11.20"]
[SourceVersion "1"]
[SourceVersionDate "2014.11.20"]
[SourceQuality "1"]
[WhiteTeam "Magdeburg Rochade"]
[BlackTeam "Coswig"]
[WhiteTeamCountry "GER"]
[BlackTeamCountry "GER"]

1. d4 Nf6 2. c4 g6 3. Nc3 d5 4. Nf3 Bg7 5. Bg5 Ne4 6. cxd5 Nxg5 7. Nxg5 e6 8. Qd2 exd5 9. Qe3+ Kf8 10. Qf4 Bf6 11. h4 h6 12. Nf3 Kg7 13. 0-0-0 Be6 14. e3 Nd7 15. Bd3 c6 16. h5 Qb8 17. Ne2 Qxf4 18. Nxf4 g5 19. Nxe6+ fxe6 20. Nh2 Be7 21. Ng4 Bd6 22. f3 e5 23. Bf5 Nb6 24. dxe5 Rhf8 25. Bd3 Bc7 26. Rhf1 Rac8 27. f4 Na4 28. fxg5 hxg5 29. h6+ Kh8 30. Bg6 Rcd8 31. e6 Bd6 32. e4 Nc5 33. exd5 cxd5 34. Bf7 Ne4 35. Kb1 Rc8 36. Rxd5 Rc7 37. a3 Bxa3 38. Re1 Rc4 39. Ne5 Rfc8 40. Rxe4 Rxe4 41. bxa3 1-0

[Event "Oberliga Ost-A 1314"]
[Site "Germany"]
[Date "2013.11.09"]
[Round "2.2"]
[White "Hansch, Karsten"]
[Black "Mueller, Richard"]
[Result "0-1"]
[WhiteElo "2141"]
[BlackElo "2112"]
[PlyCount "298"]
[EventDate "2013.10.13"]
[EventType "team-tourn"]
[EventRounds "11"]
[EventCountry "GER"]
[SourceTitle "EXT 2015"]
[Source "ChessBase"]
[SourceDate "2014.11.20"]
[SourceVersion "1"]
[SourceVersionDate "2014.11.20"]
[SourceQuality "1"]
[WhiteTeam "Magdeburg Aufbau Elbe"]
[BlackTeam "Coswig"]
[WhiteTeamCountry "GER"]
[BlackTeamCountry "GER"]

1. c4 Nf6 2. g3 g6 3. Bg2 d5 4. cxd5 Nxd5 5. Nc3 Nb6 6. Nf3 Bg7 7. 0-0 0-0 8. d3 c6 9. Bd2 N8d7 10. Rc1 Nf6 11. b4 Nfd5 12. Ne4 a6 13. Nc5 Nd7 14. Qb3 Qb6 15. Na4 Qd8 16. Nc5 Qb6 17. Na4 Qd8 18. e4 Nc7 19. Be3 a5 20. Rfd1 Nb5 21. Rc2 axb4 22. Qxb4 Qa5 23. Qxa5 Rxa5 24. Nb6 Nc3 25. Nxd7 Nxd1 26. Bd2 Ra3 27. Nxf8 Rxd3 28. Ne1 Rd8 29. Nxg6 hxg6 30. Bf3 Nb2 31. Bb4 Kf8 32. Ba5 Rd6 33. Bb4 Nd3 34. Nxd3 Rxd3 35. Kg2 Be6 36. Rc5 Rd8 37. Ra5 Bd4 38. Be2 Bb6 39. Ra3 c5 40. Bc3 c4 41. Ra4 Rc8 42. f4 Be3 43. Kf3 Bg1 44. Kg2 Be3 45. Kf3 Bg1 46. Kg2 Bc5 47. Ra5 Bd7 48. Bf3 b5 49. a3 Bb6 50. Ra6 Rb8 51. Be5 Bc8 52. Bxb8 Bxa6 53. Be5 Be3 54. Bc3 f6 55. Bd1 Bc5 56. Bb2 e5 57. Kf3 Kf7 58. Bc2 Bc8 59. h4 Be6 60. f5 Bd7 61. g4 Bc6 62. Bc1 Kg7 63. Bb2 gxf5 64. gxf5 Be8 65. Kg4 Be3 66. Bc3 Kh6 67. Kg3 Bf4+ 68. Kh3 Bh5 69. a4 bxa4 70. Bxa4 Bf3 71. Bc6 Be2 72. Bb5 Kg7 73. Kg2 Be3 74. Bb4 Kf7 75. Kh3 Bd4 76. Kg3 Kg7 77. Kg2 Kh6 78. Bf8+ Kh7 79. Bb4 Be3 80. Kg3 Kg7 81. Kg2 Kh6 82. Kg3 Bf4+ 83. Kf2 Bd3 84. Kf3 Bc1 85. Bf8+ Kh7 86. Bb4 Kg7 87. Ba6 Bb2 88. Bb5 Kf7 89. Ke3 Ba1 90. Kf3 Bd4 91. Ba3 Bc3 92. Bc5 Be1 93. h5 Kg7 94. Be3 Bh4 95. Kg4 Be1 96. Kf3 Bc3 97. Bc1 Bd4 98. Bd2 Bf1 99. Bc1 Kh7 100. Bd2 Bc5 101. Bc1 Bf8 102. Be3 Bh6 103. Bc5 Bd2 104. Bf8 Bg5 105. Kf2 Bd3 106. Kf3 Bd2 107. Be7 Kg7 108. Bc5 Kh6 109. Be7 Bg5 110. Bf8+ Kxh5 111. Ba6 Kh4 112. Be7 Kh3 113. Bb5 Bf1 114. Kf2 Bg2 115. Bxc4 Bxe4 116. Be2 Bxf5 117. Bf3 e4 118. Bg2+ Kg4 119. Bc5 Bg6 120. Bf1 Kf5 121. Bd4 Ke6 122. Bc4+ Kd6 123. Kg3 f5 124. Bb3 Bh5 125. Kf2 f4 126. Bc4 Bg4 127. Bb3 Be6 128. Bc2 Bd5 129. Bd1 Bc4 130. Bh5 Bh4+ 131. Kg2 Be1 132. Ba7 Ke5 133. Bg4 Bd2 134. Kf2 Bb4 135. Bc8 Be6 136. Bb7 Kf5 137. Ba6 Be7 138. Bf1 Bh4+ 139. Kg1 Kg4 140. Kh2 Bg3+ 141. Kg1 Bb3 142. Be2+ f3 143. Bb5 Be1 144. Bc6 Kf4 145. Bb8+ Ke3 146. Ba7+ Kd3 147. Bb6 Bc4 148. Bc5 Bc3 149. Kh2 Bd4 0-1

[Event "Oberliga Ost-A 1213"]
[Site "Germany"]
[Date "2012.12.09"]
[Round "4.5"]
[White "Mueller, Richard"]
[Black "Schoene, Maria"]
[Result "0-1"]
[WhiteElo "2052"]
[BlackElo "2184"]
[PlyCount "68"]
[EventDate "2012.10.14"]
[EventType "team-tourn"]
[EventRounds "11"]
[EventCountry "GER"]
[SourceTitle "EXT 2014"]
[Source "ChessBase"]
[SourceDate "2013.11.20"]
[SourceVersion "1"]
[SourceVersionDate "2013.11.20"]
[SourceQuality "1"]
[WhiteTeam "Coswig"]
[BlackTeam "Magdeburg Aufbau Elbe"]
[WhiteTeamCountry "GER"]
[BlackTeamCountry "GER"]

1. d4 Nf6 2. c4 g6 3. Nc3 Bg7 4. e4 d6 5. f3 0-0 6. Be3 a6 7. Qd2 Nbd7 8. Nge2 c5 9. Rd1 Qa5 10. Kf2 Re8 11. Nc1 cxd4 12. Bxd4 Ne5 13. Nb3 Qc7 14. Na4 Nfd7 15. Qb4 b5 16. cxb5 axb5 17. Rc1 Rxa4 18. Qxb5 Qxc1 19. Nxc1 Rxd4 20. Nb3 Rd1 21. Qe2 Rb1 22. Kg3 Nf6 23. Kh4 Nh5 24. g4 Rxb2 25. Qe3 Bf6+ 26. Kh3 Be6 27. Nd4 Bd7 28. a4 g5 29. a5 Nf4+ 30. Kg3 h5 31. h4 gxh4+ 32. Rxh4 Bxh4+ 33. Kxh4 Neg6+ 34. Kg5 Kh7 0-1